rajniti bigyanor tatva plato aristotler rajnaitik darsan (Record no. 1357)

MARC details
000 -LEADER
fixed length control field 00560cam a2200205ua 4500
001 - CONTROL NUMBER
control field 1468
005 - DATE AND TIME OF LATEST TRANSACTION
control field 20260515113334.0
008 - FIXED-LENGTH DATA ELEMENTS--GENERAL INFORMATION
fixed length control field 110709n ii |||gr||||Z||||||asm
020 ## - INTERNATIONAL STANDARD BOOK NUMBER
International Standard Book Number 81-7206-015-7
040 ## - CATALOGING SOURCE
Transcribing agency MAIN
082 ## - DEWEY DECIMAL CLASSIFICATION NUMBER
Classification number 320.5
100 1# - MAIN ENTRY--PERSONAL NAME
Personal name Das, Mrigendra Narayan,
245 1# - TITLE STATEMENT
Title rajniti bigyanor tatva plato aristotler rajnaitik darsan
Statement of responsibility, etc. by Mrigendra Narayan Das
250 ## - EDITION STATEMENT
Edition statement 1st.
260 ## - PUBLICATION, DISTRIBUTION, ETC.
Place of publication, distribution, etc. Dibrugarh:
Name of publisher, distributor, etc. Bani Mandir,.993.
Place of publication, distribution, etc. Guahati:
300 ## - PHYSICAL DESCRIPTION
Extent 302p:
Dimensions 23cm.
653 ## - INDEX TERM--UNCONTROLLED
Uncontrolled term Political science
653 ## - INDEX TERM--UNCONTROLLED
Uncontrolled term rajniti bigyanr tattva
942 ## - ADDED ENTRY ELEMENTS (KOHA)
Koha item type Books
Holdings
Withdrawn status Lost status Damaged status Not for loan Home library Current library Shelving location Date acquired Total checkouts Full call number Barcode Date last seen Copy number Price effective from Koha item type
        Naharkatiya College Library Naharkatiya College Library General stacks 09/19/2020   320.5 | DAS 890 09/19/2020 1 09/19/2020 Books